ბათუმის შოთა რუსთაველის სახელმწიფო უნივერსიტეტის ბიბლიოთეკა

მარტვილობა აბო ტფილელისა (ბიბ.ჩანაწერი № 43553)

000 -LEADER
fixed length control field 00744nam a2200181Ia 4500
001 - CONTROL NUMBER
control field 10285
003 - CONTROL NUMBER IDENTIFIER
control field GE_BSU
008 - FIXED-LENGTH DATA ELEMENTS--GENERAL INFORMATION
fixed length control field 181216s||||||||xx |||||||||||||| ||und||
040 ## - CATALOGING SOURCE
Transcribing agency GE_BSU
080 ## - UNIVERSAL DECIMAL CLASSIFICATION NUMBER
Universal Decimal Classification number 821.353.1–97+821.353.1(ჰაგიოგრ.)
100 ## - MAIN ENTRY--PERSONAL NAME
Personal name იოანე,საბანისძე
245 ## - TITLE STATEMENT
Title მარტვილობა აბო ტფილელისა
245 ## - TITLE STATEMENT
Remainder of title ძველი ქართული საეკლესიო ლიტერატურა
300 ## - PHYSICAL DESCRIPTION
Extent 186გვ.23სმ.
653 ## - INDEX TERM--UNCONTROLLED
Uncontrolled term მარტვილობა აბო ტფილელისა
653 ## - INDEX TERM--UNCONTROLLED
Uncontrolled term ძველი ქართული საეკლესიო ლიტერატურა
942 ## - ADDED ENTRY ELEMENTS (KOHA)
Koha item type წიგნი
ეგზემპლარები
Withdrawn status Lost status Damaged status Not for loan Date acquired Barcode Date last seen Price effective from Koha item type
        2018-12-17 33688 2018-12-17 2018-12-17 წიგნი